000 00621nam a2200193 i 4500
001 142930
003 ES-MaACL
005 20230906200649.0
007 t|
008 071011s1958 sp ||||1| spa d
080 _a59.006(467.11 B.)
100 1 _aVidal Salvo, Juan.
_9114516
245 1 0 _aJardín zoológico de Barcelona
_b: guía y perspectivas /
_cdirección y texto: Juan Vidal Salvo.
250 _a[1ª ed.].
260 _a[Barcelona :
_bs.n.],
_c1958 (
_fTalls. Gráfs. Rex)
300 _a113 p. :
_bil. ;
_c21 cm.
610 2 4 _aParque Zoológico de Barcelona.
_96120
852 _aES-MaACL
_jC-14714
_bR.42689
999 _c142930
_d142930